MARC details
| 000 -LÍDER |
| campo de controle de tamanho fixo |
01487naa a22003977a 4500 |
| 001 - NÚMERO DE CONTROLE |
| campo de controle |
BR8802558 |
| 003 - IDENTIFICADOR DO NÚMERO DE CONTROLE |
| campo de controle |
BR-BrBNA |
| 005 - DATA E HORÁRIO DA ÚLTIMA TRANSAÇÃO |
| campo de controle |
20250721154602.0 |
| 007 - CAMPO FIXO DE DESCRIÇÃO FÍSICA--INFORMAÇÃO GERAL |
| campo de controle de tamanho fixo |
ta |
| 008 - CAMPO DE DADOS FIXOS--INFORMAÇÃO GERAL |
| campo de controle de tamanho fixo |
250630b bl.|||m| |||| 00| 0 por d |
| 040 ## - FONTE DA CATALOGAÇÃO |
| Instituição da catalogação original |
BR-BrBNA |
| Idioma da catalogação |
por |
| Instituição que transcreveu o registro |
Biblioteca Nacional de Agricultura |
| 041 ## - CÓDIGO DE IDIOMA |
| Código do idioma do texto/trilha sonora ou título diferente |
(Pt) |
| 072 ## - CÓDIGO DE CATEGORIA DE ASSUNTO |
| Código de Categoria de Assunto |
H20 |
| Código do objeto |
0336 |
| -- |
4120 |
| 090 ## - NÚMERO DE CHAMADA LOCAL |
| Número de chamada |
H20 BR8802558 |
| 100 1# - ENTRADA PRINCIPAL--NOME PESSOAL |
| Nome pessoal |
Gomes, J.L.L. |
| 100 1# - ENTRADA PRINCIPAL--NOME PESSOAL |
| Nome pessoal |
Sediyama, T. |
| 100 1# - ENTRADA PRINCIPAL--NOME PESSOAL |
| Nome pessoal |
Sediyama, C.S. |
| 100 1# - ENTRADA PRINCIPAL--NOME PESSOAL |
| Nome pessoal |
Araujo, P.R.A. |
| 100 1# - ENTRADA PRINCIPAL--NOME PESSOAL |
| Nome pessoal |
Nomura, A.K. |
| 100 1# - ENTRADA PRINCIPAL--NOME PESSOAL |
| Nome pessoal |
Ribeiro, M.G. |
| 100 1# - ENTRADA PRINCIPAL--NOME PESSOAL |
| Nome pessoal |
Brunelli Junior, H.C. |
| 100 1# - ENTRADA PRINCIPAL--NOME PESSOAL |
| Nome pessoal |
Alberton, O.C. |
| 100 1# - ENTRADA PRINCIPAL--NOME PESSOAL |
| Nome pessoal |
Albano, V. |
| 100 1# - ENTRADA PRINCIPAL--NOME PESSOAL |
| Nome pessoal |
Pereira, M.G. |
| 111 1# - ENTRADA PRINCIPAL--NOME DO EVENTO |
| Nome do evento ou lugar |
3. Seminario Nacional de Pesquisa de Soja |
| Local do evento |
Campinas, SP (Brazil) |
| Data do evento ou assinatura do tratado |
20-24 Feb 1984 |
| 245 1# - TÍTULO |
| Título |
Levantamento de ocorrencia de doencas em lavouras de soja em Ponta Pora (Mato Grosso do Sul)em 1981/82 [mildio, mancha-parda, antracnose, quimica da haste, fungo] |
| 490 ## - TÍTULO DA SÉRIE |
| Título da série |
Documentos - Centro Nacional de Pesquisa de Soja (Brazil) |
| Número do volume ou designação sequencial da série |
no. 7 |
| ISSN - International Standard Serial Number |
ISSN 0101-5494 |
| 500 ## - NOTA GERAL |
| Nota geral |
Anais do 3. Seminario Nacional de Pesquisa de Soja<br/>Londrina, PR (Brasil): 1984. p. 289-295 [Summaries (En, Pt)]<br/>(BR8802558-AMS)<br/> |
| 650 ## - ASSUNTO--TERMO TÓPICO |
| Cabeçalho tópico ou nome geográfico |
SOJA |
| 650 ## - ASSUNTO--TERMO TÓPICO |
| Cabeçalho tópico ou nome geográfico |
LAVOURA |
| 650 ## - ASSUNTO--TERMO TÓPICO |
| Cabeçalho tópico ou nome geográfico |
LEVANTAMENTO FITOSSANITARIO |
| 650 ## - ASSUNTO--TERMO TÓPICO |
| Cabeçalho tópico ou nome geográfico |
MATO GROSSO DO SUL |
| 773 0# - ENTRADA ANALÍTICA |
| Título |
Anais do 3. Seminario Nacional de Pesquisa de Soja |
| Número de controle do registro |
H20 BR8802558 |
| Partes relacionadas |
Londrina, PR (Brasil), 1984. p. 289-295 |
| 942 ## - ELEMENTOS DE ENTRADA ADICIONADOS (KOHA) |
| Tipo de material Koha |
Analítica de Monografia Seriada |
| Fonte da classificação ou esquema de arquivamento na estante |
Classificação AGRIS |
| 909 ## - |
| -- |
202506 |
| -- |
Lúcia |
| -- |
55 |
| -- |
Lúcia Elande |